000 00308nam a2200133Ia 4500
005 20260326235501.0
008 260326s9999||||xx |||||||||||||| ||und||
100 _aMason, Colin
245 2 _aA short History of Asia /
_cColin Mason
260 _bPalgrave
300 _a318 p.
650 _aASIA
942 _cBK
999 _c8065
_d8065